000 00390nam a22001457a 4500
003 MACL
005 20190604154636.0
008 190604b xxu||||| |||| 00| 0 eng d
040 _cMACL
100 _aगाला ध रा
_941056
245 _aनेत्ररक्षा
260 _bगाला पब्लि
650 _aचिकित्‍सा
_951793
942 _2ddc
_cHIN
999 _c60036
_d60036